000
00194 a2200097 4500
001
59699
100
_a
245
_a
Linear Algebra
260
_a
New Delhi
_b
VIKAS
_c
2007
090
_c
36580
_d
36580
942
_a
NUST-CAE
_c
_c
29536
999
_c
294772
_d
294772